Juan de Herrera: arquitecto de Felipe II
Збережено в:
| Автор: | |
|---|---|
| Формат: | Книга |
| Мова: | Іспанська |
| Опубліковано: |
Madrid
Espasa-Calpe
1936
|
| Предмети: | |
| Теги: |
Додати тег
Немає тегів, Будьте першим, хто поставить тег для цього запису!
|
MARC
| LEADER | 00000nam a2200000 a 4500 | ||
|---|---|---|---|
| 001 | UCT1695 | ||
| 003 | CL-VaPUC | ||
| 008 | 961004e19360000SP |||||||||||||||||spa|d | ||
| 082 | 0 | 4 | |a 720.92 |b RUI |2 21 |
| 100 | 0 | |a Ruíz de Arcaute, Agustín |e author |9 370711 | |
| 245 | 1 | 0 | |a Juan de Herrera: arquitecto de Felipe II |
| 300 | |a 198 p | ||
| 942 | |c BK | ||
| 945 | |d 19961004 00:00:00 |a rleighto | ||
| 260 | |a Madrid |b Espasa-Calpe |c 1936 | ||
| 600 | 0 | 7 | |a HERRERA, JUAN IGNACIO DE |2 CL-VaPUC |9 370712 |
| 650 | 0 | |a Arquitectura |9 804558 | |
| 650 | 0 | |a Arquitectos |9 268647 | |
| 650 | 0 | |a Historia |9 255047 | |
| 651 | 0 | |a España |9 254926 | |
| 583 | |a last modification |c 19961004 00:00:00 |k Rodrigo Vera | ||
| 999 | |c 252155 |d 252153 | ||
| 952 | |0 0 |1 0 |4 0 |6 720_920000000000000_RUI_1936 |7 0 |8 P |9 271855 |a BIBARQ |b BIBARQ |d 2019-11-19 |i 3235831 |o 720.92 RUI 1936 |p 3235831 |r 2025-01-20 |w 2019-11-19 |y BK |k ARQ | ||